| 000 | 01133nam a22003377a 4500 | ||
|---|---|---|---|
| 003 | BPGM | ||
| 008 | 260703m20092007mx a|||br|||| 00| 0 spa d | ||
| 020 | _a978-970-718-761-0 | ||
| 040 | _bspa | ||
| 041 |
_aspa _heng |
||
| 082 | 0 | 4 |
_21a . _aI / 591.518 / _bP724 |
| 100 | _9PLEDGER, MAURICE | ||
| 245 | _aCRIATURAS NOCTURNAS | ||
| 250 |
_a1a. ed _b2007 |
||
| 260 |
_aMéxico _bSilver Dolphin _c2007 |
||
| 300 |
_a16 Paginas _c28.6 cm. x 22.6 cm. |
||
| 336 |
_2rdacontent _atexto _btxt |
||
| 337 |
_2rdamedia _asin mediación _bn |
||
| 338 |
_2rdacarrier _avolumen _bnc |
||
| 490 | 0 | _aSonidos de la naturaleza | |
| 505 | _aAnimales nocturnos -- Literatura infantil. | ||
| 505 | _aSonidos de los animales -- Literatura infantil. | ||
| 505 | _aAnimales -- Hábitos y conducta -- Literatura infantil. | ||
| 650 | _2CIENCIAS NATURALES Y MATEMÁTICAS | ||
| 650 | _2ANIMALES | ||
| 650 | _2TEMAS ESPECÍFICOS EN HISTORIA NATURAL | ||
| 700 |
_aLAMBERT, JNATHAN Y REEVES, CAROLINE _eDISEÑO |
||
| 700 |
_aHAWKE, RICHARD _eINGENIERIA DE PAPEL |
||
| 700 |
_aGARZÓN, JOCELYN _eTRADUCCIÓN |
||
| 942 |
_2ddc _cBKN |
||
| 999 |
_c68755 _d68755 |
||